Guess the Most Popular Soccer Teams - Statistics

General Stats
  • This quiz has been taken 2,291 times
  • The average score is 12 of 15
Answer Stats
# Answer % Correct
2. Real Madrid
99%
3. FC Barcelona
98%
1. Manchester United
96%
11. Manchester City
93%
6. Liverpool
89%
7. FC Bayern Munich
87%
10. Paris Saint-Germain
87%
4. Chelsea FC
86%
5. Arsenal
83%
9. AC Milan
80%
15. Inter Milan
78%
8. Juventus
77%
12. Borussia Dortmund
75%
13. Tottenham Hotspur
71%
14. AS Roma
44%
No matching quizzes found
Score Distribution
Percent of People with Each Score
Percentile by Number Answered
Your Score History
You have not taken this quiz